Statistics for Most Visited U.S. States by Japanese

Click here to take the quiz!

General Stats

  • This quiz has been taken 333 times
  • The average score is 9 of 10

Answer Stats

VisitsState% Correct
436,300California
99%
212,527New York
99%
102,068Florida
96%
55,957Texas
94%
1,454,836Hawaii
93%
57,323Washington
93%
99,614Nevada
87%
47,079Illinois
77%
40,428Massachusetts
74%
28,719Michigan
56%

Score Distribution

Percentile by Number Answered

Percent of People with Each Score

Your Score History

You have not taken this quiz